|
|
|
|
| LEADER |
00000nam0a2200000 4500 |
| 001 |
68031 |
| 005 |
20231031074420.0 |
| 035 |
|
|
|a (RuTPU)RU\TPU\book\72430
|
| 090 |
|
|
|a 68031
|
| 100 |
|
|
|a 20040929d1985 m y0rusy50 ca
|
| 101 |
0 |
|
|a rus
|
| 102 |
|
|
|a RU
|
| 105 |
|
|
|a a j 001zy
|
| 200 |
1 |
|
|a Основы теории цепей
|e учебник
|f В. П. Попов
|
| 210 |
|
|
|a Москва
|c Высшая школа
|d 1985
|
| 215 |
|
|
|a 496 с.
|c ил.
|
| 320 |
|
|
|a Библиогр.: с. 483
|
| 320 |
|
|
|a Предметный указатель: с. 488-494
|
| 451 |
|
1 |
|0 (RuTPU)RU\TPU\book\8081
|y 5060021599
|t Основы теории цепей
|o учебник
|f В. П. Попов
|e 2-е изд., перераб. и доп.
|c М.
|n Высшая школа
|d 1998
|p 575 с.
|a Попов, Вадим Петрович
|
| 610 |
1 |
|
|a электрические цепи
|
| 610 |
1 |
|
|a теория
|
| 610 |
1 |
|
|a характеристики
|
| 610 |
1 |
|
|a нелинейные резистивные цепи
|
| 610 |
1 |
|
|a линейные цепи
|
| 610 |
1 |
|
|a четырехполюсники
|
| 610 |
1 |
|
|a многополюсники
|
| 610 |
1 |
|
|a цепи с распределенными параметрами
|
| 610 |
1 |
|
|a учебники
|
| 675 |
|
|
|a 621.3.011(075.8)
|v 3
|
| 700 |
|
1 |
|a Попов
|b В. П.
|g Вадим Петрович
|
| 801 |
|
1 |
|a RU
|b 63413507
|c 20040929
|g PSBO
|
| 801 |
|
2 |
|a RU
|b 63413507
|c 20200619
|g PSBO
|
| 942 |
|
|
|c BK
|